Name A State A-Z - Statistics

General Stats
  • This quiz has been taken 67 times
    54 since last reset
  • The average score is 19 of 19
Answer Stats
Letter Answer % Correct
A Alabama, Alaska, Arizona, Arkansas
100%
F Florida
100%
I Idaho, Illinois, Indiana, Iowa
100%
K Kansas, Kentucky
100%
M Maine, Maryland, Massachusetts, Michigan, Minnesota, Mississippi, Missouri, Montana
100%
N Nebraska, Nevada, New Hampshire, New Jersey, New Mexico, New York, North Carolina, North Dakota,
100%
O Ohio, Oklahoma, Oregon
100%
V Vermont, Virginia
100%
W Washington, West Virginia, Wisconsin, Wyoming
100%
D Delaware
98%
G Georgia
98%
T Tennessee, Texas
98%
U Utah
98%
C California, Colorado, Connecticut
95%
H Hawaii
95%
L Louisiana
95%
R Rhode Island
95%
S South Carolina, South Dakota,
95%
P Pennsylvania
93%
No matching quizzes found
Score Distribution
Percent of People with Each Score
Percentile by Number Answered
Your Score History
You have not taken this quiz since the last reset